Papermaking Science and Technology Book 7: Recycled Fiber and Deinking
Uložené v:
| Ďalší autori: | , |
|---|---|
| Médium: | Kniha |
| Jazyk: | English |
| Vydavateľské údaje: |
Helsinki
Fapet Oy
2000
|
| Predmet: | |
| On-line prístup: | View in OPAC |
| Tagy: |
Žiadne tagy, Buďte prvý, kto otaguje tento záznam!
|
MARC
| LEADER | 00000nam a2200000 a 4500 | ||
|---|---|---|---|
| 005 | 20260127134008.0 | ||
| 008 | 060327 1998 fi 000 0 eng d | ||
| 020 | |a 9525216071 | ||
| 035 | |a vtls008639769 | ||
| 039 | 9 | |a 200603291031 |b mschk03 |y 200603271252 |z mschk03 | |
| 040 | |a STUSCHK1 |b slo |c STUSCHK1 |e AACR2 | ||
| 080 | |a 676(03) | ||
| 245 | 1 | |a Papermaking Science and Technology |b Book 7: Recycled Fiber and Deinking | |
| 260 | |a Helsinki |b Fapet Oy |c 2000 | ||
| 300 | |a 649 p. | ||
| 650 | 0 | |a papermaking science |x technology | |
| 700 | 1 | |a Gottsching, Lothar | |
| 700 | 1 | |a Pakarinen, Heikki | |
| 910 | |a SCHK95 | ||
| 919 | |a 952-5216-07-1 | ||
| 999 | |c 1712 |d 1712 | ||